| 000 | 00999nam a2200229Ii 4500 | ||
|---|---|---|---|
| 003 | JO-AjNU | ||
| 008 | 230605s9999||||xx |||||||||||||| ||und|| | ||
| 017 | _a39463 | ||
| 020 | _a9957-16-381-5 | ||
| 040 |
_aJO-AjNU _bara _erda _cJO-AjNU |
||
| 041 | _aara | ||
| 050 | 1 | 4 | _aKMM394.6.H3488.2011 |
| 100 | 3 |
_a تأليف، الحلبي ، محمد علي السالم عياد ؛ مراجعة أكرم طراد الفايز, _eauthor _912676 |
|
| 245 | 0 | 0 | _aشرح قانون العقوبات : القسم العام |
| 250 | _aط3 | ||
| 264 | 3 | 1 | _aعمان : دار الثقافة ، 2011 |
| 300 |
_a373ص _bيشتمل على المراجع الببلوغرافية ص (371-373) |
||
| 336 |
_atext _btxt _2rdacontent |
||
| 337 |
_aunmediated _bn _2rdamedia |
||
| 338 |
_avolume _bnc _2rdacarrier |
||
| 650 | 4 |
_aقانون العقوبات -- الأردن -- القانون الجنائي -- الأردن -- الجريمة والمجرمون -- قوانين وتشريعات -- الأردن _912677 |
|
| 999 |
_aA2955 _c6523 _d6523 |
||